Drawing and painting :children and visual representation / (Record no. 1619)

000 -LEADER
fixed length control field 01614cam a22004097a 4500
001 - CONTROL NUMBER
control field 12783942
003 - CONTROL NUMBER IDENTIFIER
control field OSt
005 - DATE AND TIME OF LATEST TRANSACTION
control field 20150416162926.0
008 - FIXED-LENGTH DATA ELEMENTS--GENERAL INFORMATION
fixed length control field 020521r20031994enka b 001 0 eng
010 ## - LIBRARY OF CONGRESS CONTROL NUMBER
LC control number 2002107127
015 ## - NATIONAL BIBLIOGRAPHY NUMBER
National bibliography number GBA3-Z9620
020 ## - INTERNATIONAL STANDARD BOOK NUMBER
International Standard Book Number 076194785X (pbk.)
020 ## - INTERNATIONAL STANDARD BOOK NUMBER
International Standard Book Number 0761947868 (PBK.)
035 ## - SYSTEM CONTROL NUMBER
System control number (DLC)12783942
040 ## - CATALOGING SOURCE
Original cataloging agency UKM
Transcribing agency UKM
Modifying agency C#P
-- PU
-- DLC
042 ## - AUTHENTICATION CODE
Authentication code lccopycat
050 00 - LIBRARY OF CONGRESS CALL NUMBER
Classification number LB1139.5.A78M384 2003
082 04 - DEWEY DECIMAL CLASSIFICATION NUMBER
Classification number 372.5049
Edition number 21
100 1# - MAIN ENTRY--PERSONAL NAME
Personal name Matthews, John,
Dates associated with a name 1945-
245 10 - TITLE STATEMENT
Title Drawing and painting :children and visual representation /
Statement of responsibility, etc John Matthews.
250 ## - EDITION STATEMENT
Edition statement 2nd ed.
260 ## - PUBLICATION, DISTRIBUTION, ETC. (IMPRINT)
Place of publication, distribution, etc London :
Name of publisher, distributor, etc Paul Chapman,
Date of publication, distribution, etc 2003.
300 ## - PHYSICAL DESCRIPTION
Extent xiii, 225 p. :
Other physical details ill. ;
Dimensions 25 cm.
440 #4 - SERIES STATEMENT/ADDED ENTRY--TITLE
Title The 0-8 series
500 ## - GENERAL NOTE
General note Originally published: Helping children to draw and paint in early childhood. London: Hodder & Stoughton, 1994.
504 ## - BIBLIOGRAPHY, ETC. NOTE
Bibliography, etc Includes bibliographical references (p. 213-219) and index.
650 #0 - SUBJECT ADDED ENTRY--TOPICAL TERM
Topical term or geographic name as entry element Art
General subdivision Study and teaching (Early childhood)
650 #0 - SUBJECT ADDED ENTRY--TOPICAL TERM
Topical term or geographic name as entry element Child development.
650 #0 - SUBJECT ADDED ENTRY--TOPICAL TERM
Topical term or geographic name as entry element Children's art.
700 1# - ADDED ENTRY--PERSONAL NAME
Personal name Matthews, John,
Dates associated with a name 1945-
Title of a work Helping children to draw and paint in early childhood.
856 42 - ELECTRONIC LOCATION AND ACCESS
Materials specified Publisher description
Uniform Resource Identifier <a href="http://www.loc.gov/catdir/enhancements/fy0657/2002107127-d.html">http://www.loc.gov/catdir/enhancements/fy0657/2002107127-d.html</a>
856 41 - ELECTRONIC LOCATION AND ACCESS
Materials specified Table of contents only
Uniform Resource Identifier <a href="http://www.loc.gov/catdir/enhancements/fy0657/2002107127-t.html">http://www.loc.gov/catdir/enhancements/fy0657/2002107127-t.html</a>
906 ## - LOCAL DATA ELEMENT F, LDF (RLIN)
a 7
b cbc
c copycat
d 3
e ncip
f 20
g y-gencatlg
942 ## - ADDED ENTRY ELEMENTS (KOHA)
Source of classification or shelving scheme
Koha item type Book
Holdings
Withdrawn status Lost status Source of classification or shelving scheme Damaged status Not for loan Home library Current library Shelving location Date acquired Total Checkouts Full call number Barcode Date last seen Copy number Price effective from Koha item type Date checked out
          Riara University Library Riara University Library General stack 16/04/2015   LB1139.5.A78M384 2003 5556/15 16/04/2015 c.1 16/04/2015 Book  
          Riara University Library Riara University Library General stack 16/04/2015   LB1139.5.A78M384 2003 5555/15 16/04/2015 c.2 16/04/2015 Book  
          Riara University Library Riara University Library General stack 16/04/2015 2 LB1139.5.A78M384 2003 5554/15 15/01/2021 c.3 16/04/2015 Book 30/05/2019

Riara University Library,
P.O. Box 49940-00100,
Nairobi, Kenya.